Sekcia krajiny a pamiatok

Bibliographic Details
Format: Article
Language:Slovak
Subjects:

MARC

LEADER 00000nab a2200000 a 4500
001 vtls000607104
003 SK-MaSNL
005 20260303014215.0
008 160401c1996 xo 0 slo
015 |a SNBRB19rr/mm-uuuuu 
035 |a CL0607243 
040 |a SNKBUCL  |b slo  |c SNKBUCL  |e AACR2 
041 0 |a slo 
044 |a xo  |c SK 
080 |a 354.34(437.6):719(437.6):904(437.6)  |2 1981 
080 |a 719(437.6)  |2 1981 
080 |a 904(437.6)  |2 1981 
245 0 0 |a Sekcia krajiny a pamiatok 
500 |a Nesprávne číslovanie. Má byť č. 292 
650 0 7 |a Ministerstvo kultúry Slovenskej republiky  |2 snkbucl  |9 893973 
655 7 |a články z novín a časopisov  |2 snkbucl  |9 267496 
773 0 |t Slovenská republika  |g Roč. 4, č. 291 (14. 12. 1996) 
773 0 |t [Príl.] Kultúra '96  |g Č. 20 (1996), s. II 
850 |a Slovenská národná knižnica v Martine  |a MTA001 
852 |a SNK  |b KIS3GCP 
958 |a SK 
958 |a RK 
958 |a RBX 
999 |c 1606513  |d 1608443